| 000 | 00735nam a22002537a 4500 | ||
|---|---|---|---|
| 001 | 7953 | ||
| 003 | FISKH | ||
| 005 | 20250814153516.0 | ||
| 008 | 250814b cb ||||| |||| 00| 0 eng d | ||
| 040 |
_aFISKH _beng _cFISKH _dFISKH |
||
| 050 | _aPZ7 | ||
| 082 | _a 813 | ||
| 100 | _aDaw, Anne | ||
| 245 |
_aWe did it together : _bA playtime board book / |
||
| 260 |
_aAshland : _bBendon, _c2005. |
||
| 300 |
_a10 unnumbered pages : _bcolor illustrations ; _c25 cm |
||
| 505 | _aJ | ||
| 520 | _aWhen Spike is taken, his firends work together to get him back. | ||
| 521 | 8 |
_a500
_bLexile estimate |
|
| 521 | 8 |
_aJ
_bRaz-Plus |
|
| 650 |
_aChildren's Book _vDinosaurs _xFantasy |
||
| 942 |
_2ddc _cBK _n0 |
||
| 999 |
_c7953 _d7953 |
||